000 01964cad a22003135a 4500
001 L145111
008 080908e20080519xxk f v 000 0 eng d
035 _a(Sirsi) u145111
041 0 _aeng
245 0 0 _aOwen Pell v Bindi
_h[electronic resource]
260 _c2008
520 _a[2008] EWHC 1420 (TCC), 19 May 2008. The case considers on what grounds an expert determination can be set aside. Owen Pell (claimant) agreed to build an extension and other works at the home of Bindi. Owen left the site before the work was completed. The dispute concerns the final account and deductions from defects arising from the work carried out by Owen Pell. An expert was chosen settle the dispute. Both parties agreed that they should be bound by the decision of the expert and the dispute should not thereafter be brought in front of a tribunal. The expert determined the sum of £53,487.65 and the VAT to be paid to Owen Pell. Bindi refused to pay it. Held: The judge decided that Owen Pell should be paid as the expert answered the right question and even if it is wrong, the expert's determination was final and binding.
590 _aKA
650 2 4 _aOWEN PELL LTD V BINDI (LONDON) LTD
650 2 4 _aPORTER V MAGILL
650 2 4 _aNIKKO HOTELS (UK) LTD V MEPC PLC
650 2 4 _aDEAN V PRINCE
650 2 4 _aCAMPBELL V EDWARDS
650 2 4 _aARENSON V ARENSON
650 2 4 _aBABER V KENWOOD
650 2 4 _aJONES AND OTHERS V SHERWOOD COMPUTER SERVICES
650 2 4 _aMACRO V THOMPSON (NO. 3)
650 2 4 _aBERNHARD SCHULTE GMBH & CO KG V NILE HOLDINGS LTD
650 2 4 _aHOMEPACE LTD V SITA SOUTH EAST LTD
651 4 _aEngland and Wales
_y1543-
690 _aMANAGEMENT-DISPUTE AVOIDANCE, MANAGEMENT AND RESOLUTION-DISPUTE MANAGEMENT AND RESOLUTION-ALTERNATIVE DISPUTE RESOLUTION-INDEPENDENT EXPERT DETERMINATION
856 4 0 _uhttps://www.bailii.org/ew/cases/EWHC/TCC/2008/1420.html lzView the case free of charge at www.bailli.org...
942 _n0
999 _c80706
_d80706